| 000 | 01255nam a2200325 i 4500 | ||
|---|---|---|---|
| 001 | 115032 | ||
| 003 | ES-MaACL | ||
| 005 | 20240418143802.0 | ||
| 007 | t| | ||
| 008 | 070219s1958 sp ||||1| spa d | ||
| 080 | _a821.111(73)-3"19"(082.2) | ||
| 245 | 0 | 0 |
_aBiblioteca de Selecciones. _n1. |
| 260 |
_aMadrid : _bSelecciones del Reader's Digest, _c1958. |
||
| 300 |
_a479 p. : _bil. ; _c20 cm. |
||
| 490 | 1 |
_aBiblioteca de Selecciones: las obras contemporáneas de mayor éxito ; _v1 |
|
| 505 | 8 | _aContiene: La caza del submarino / por D.A. Rayner . Amor eterno / por Irving Stone . Un genio en la familia / por Hiram Percy Maxim . Los sirgadores del Yang-Tsé / por John Hersey | |
| 650 | 7 |
_aNovela norteamericana _2 _9146954 |
|
| 700 | 1 |
_aRayner, D. A. _995648 |
|
| 700 | 1 |
_aStone, Irving. _9108306 |
|
| 700 | 1 |
_aMaxim, Hiram Percy. _979302 |
|
| 700 | 1 |
_aHersey, John. _963391 |
|
| 710 | 2 |
_aSelecciones del Reader's Digest. _96545 |
|
| 740 | 3 | 2 | _aLa caza del submarino. |
| 740 | 0 | 2 | _aAmor eterno. |
| 740 | 3 | 2 | _aUn genio en la familia. |
| 740 | 4 | 2 | _aLos sirgadores del Yang-Tsé. |
| 830 | 1 |
_aBiblioteca de Selecciones: las obras contemporáneas de mayor éxito ; _v1 _9185949 |
|
| 852 | 4 |
_aES-MaACL _jE-4211 |
|
| 999 |
_c115032 _d115032 |
||